000 00396nam a2200145 i 4500
001 bg
100 1 _aWESCHE, Karlhans
245 0 _aBaustoffe fur tragende Bauteile :
_bmetallische stoffe: stahl, aluminium, metallkorrocion /
_cKarlhans Wesche.
250 _aBd.3.
260 _aWiesbaden,
_c1973.
040 _cBPK
041 _apol
942 _cKS
008 s pl f |000 0 pol
999 _c26279
_d26279
856 _uhttp://koha.tu.koszalin.pl/cgi-bin/koha/opac-detail.pl?biblionumber=26279
_yKatalog online BPK